[Event "Plovdiv Tringov Memorial 35th"]
[Site "Plovdiv"]
[Date "2013.02.03"]
[Round "1"]
[White "Slavov, Hristo"]
[Black "Grigorov, Grigor"]
[Result "0-1"]
[WhiteElo "1781"]
[BlackElo "2513"]
[PlyCount "84"]
[EventDate "2013.02.03"]
[EventType "swiss"]
[EventRounds "9"]
[EventCountry "BUL"]
[SourceTitle "CBM 152 Extra"]
[Source "ChessBase"]
[SourceDate "2013.02.25"]
[SourceVersion "1"]
[SourceVersionDate "2013.02.25"]
[SourceQuality "1"]

1. d4 Nf6 2. Nf3 e6 3. c4 c5 4. d5 d6 5. Nc3 g6 6. e4 Bg7 7. Be2 0-0 8. 0-0 Re8 9. h3 exd5 10. exd5 Na6 11. a3 Nc7 12. Be3 Rb8 13. Qd2 Bd7 14. Rfe1 b5 15. cxb5 Nxb5 16. Bg5 Nxc3 17. bxc3 Ne4 18. Bxd8 Nxd2 19. Ba5 Nb3 20. Bc7 Nxa1 21. Bxb8 Nc2 22. Rc1 Rxe2 23. Bxd6 Bxc3 24. Bxc5 Ba4 25. Bxa7 Bb2 26. Rf1 Bxa3 27. Nd4 Nxd4 28. Bxd4 Rd2 29. Bc3 Rxd5 30. Ra1 Rd1+ 31. Rxd1 Bxd1 32. Bf6 Kf8 33. Kh2 Bd6+ 34. Kg1 Ke8 35. Kf1 Kd7 36. Ke1 Ba4 37. Ke2 Bb5+ 38. Ke3 Bc5+ 39. Kf3 Bc6+ 40. Kg3 Bd6+ 41. f4 Ke6 42. Bd8 Kf5 0-1

[Event "Albena Masters op"]
[Site "Albena"]
[Date "2012.05.27"]
[Round "2"]
[White "Ninov, Dayan"]
[Black "Slavov, Hristo"]
[Result "1-0"]
[WhiteElo "2148"]
[BlackElo "1809"]
[PlyCount "93"]
[EventDate "2012.05.26"]
[EventType "swiss"]
[EventRounds "9"]
[EventCountry "BUL"]
[SourceTitle "CBM 148 Extra"]
[Source "ChessBase"]
[SourceDate "2012.06.22"]
[SourceVersion "1"]
[SourceVersionDate "2012.06.22"]
[SourceQuality "1"]

1. d4 Nf6 2. Nf3 b6 3. g3 e6 4. Bg2 Bb7 5. 0-0 c5 6. c4 cxd4 7. Qxd4 Be7 8. Nc3 0-0 9. Rd1 Bc5 10. Qf4 d6 11. a3 a5 12. e4 e5 13. Qh4 Nbd7 14. b3 Re8 15. Rb1 Nf8 16. b4 axb4 17. axb4 Ng6 18. Qg5 Nxe4 19. Nxe4 Bxe4 20. Rb2 Bxf3 21. Bxf3 Bd4 22. Bxa8 Bxb2 23. Qxd8 Rxd8 24. Bxb2 Rxa8 25. Rxd6 Rb8 26. h4 f6 27. Bc1 Ne7 28. Be3 Rc8 29. Rxb6 Rxc4 30. Rb8+ Rc8 31. Rxc8+ Nxc8 32. Bc5 Kf7 33. b5 Ne7 34. b6 Nc6 35. b7 g5 36. hxg5 fxg5 37. Bd6 e4 38. g4 Kg6 39. Kg2 h5 40. gxh5+ Kxh5 41. Kg3 Kg6 42. Kg4 Kf6 43. b8Q Nxb8 44. Bxb8 Ke6 45. Kxg5 Kd5 46. Ba7 Kc4 47. Kf4 1-0

[Event "EU-ch 13th"]
[Site "Plovdiv"]
[Date "2012.03.31"]
[Round "11"]
[White "Slavov, Hristo"]
[Black "Vdovenko, Volodymyr J"]
[Result "1-0"]
[WhiteElo "1812"]
[BlackElo "1784"]
[PlyCount "81"]
[EventDate "2012.03.20"]
[EventType "swiss"]
[EventRounds "11"]
[EventCountry "BUL"]
[SourceTitle "CBM 148"]
[Source "ChessBase"]
[SourceDate "2012.05.16"]
[SourceVersion "1"]
[SourceVersionDate "2012.05.16"]
[SourceQuality "1"]

1. d4 d6 2. e4 g6 3. Bc4 Bg7 4. h3 Nc6 5. Nf3 h6 6. Bf4 e6 7. c3 a6 8. a4 g5 9. Bg3 Nf6 10. Qe2 Nh5 11. Bh2 Qe7 12. Na3 Bd7 13. 0-0-0 Nf4 14. Bxf4 gxf4 15. Bb3 Na5 16. Bc2 h5 17. Rhe1 h4 18. d5 e5 19. b4 b5 20. bxa5 bxa4 21. Qc4 0-0 22. Bxa4 Bxa4 23. Qxa4 Rfb8 24. Re2 f5 25. Qc6 fxe4 26. Rxe4 Bf6 27. Nh2 Bg5 28. f3 Qd8 29. Rd2 Rb3 30. Nc2 Qc8 31. Nb4 Rb8 32. Kc2 Ra3 33. Qc4 Rb5 34. Nc6 Qb7 35. Nb4 Raxa5 36. Qd3 Qb6 37. Ng4 Ra1 38. Rc4 Kg7 39. Qf5 Be7 40. Qd7 Kf7 41. Rxc7 1-0

[Event "EU-ch 13th"]
[Site "Plovdiv"]
[Date "2012.03.29"]
[Round "9"]
[White "Slavov, Hristo"]
[Black "Cherednichenko, Elena"]
[Result "0-1"]
[WhiteElo "1812"]
[BlackElo "2130"]
[PlyCount "110"]
[EventDate "2012.03.20"]
[EventType "swiss"]
[EventRounds "11"]
[EventCountry "BUL"]
[SourceTitle "CBM 148"]
[Source "ChessBase"]
[SourceDate "2012.05.16"]
[SourceVersion "1"]
[SourceVersionDate "2012.05.16"]
[SourceQuality "1"]

1. e4 e5 2. Nf3 Nc6 3. Bb5 a6 4. Ba4 d6 5. 0-0 Bd7 6. c3 g6 7. d4 Bg7 8. Re1 Nge7 9. d5 Nb8 10. c4 0-0 11. Bg5 h6 12. Bxe7 Qxe7 13. Nbd2 a5 14. Rb1 Na6 15. Bxd7 Qxd7 16. b3 Nb4 17. a3 Nd3 18. Re3 Nf4 19. Ne1 f5 20. Rg3 h5 21. Nd3 h4 22. Rf3 g5 23. Nxf4 exf4 24. Rh3 fxe4 25. Nxe4 Qf5 26. f3 Rae8 27. Qd3 Re7 28. Rd1 Rfe8 29. b4 axb4 30. axb4 b6 31. Kf1 Be5 32. c5 bxc5 33. bxc5 Rb8 34. Qa3 Ree8 35. Qa7 dxc5 36. Qxc5 Bd6 37. Qd4 Kf7 38. Qa7 Kg6 39. Qa6 Rb6 40. Qa4 Reb8 41. Nxd6 cxd6 42. Qe4 Kf6 43. Re1 Qxe4 44. fxe4 Rb1 45. g3 Rxe1+ 46. Kxe1 Rb3 47. Kf2 fxg3+ 48. hxg3 Ke5 49. Kg2 Rxg3+ 50. Rxg3 hxg3 51. Kxg3 Kxe4 52. Kg4 Kxd5 53. Kxg5 Ke4 54. Kg4 d5 55. Kg3 Ke3 0-1

[Event "EU-ch 13th"]
[Site "Plovdiv"]
[Date "2012.03.23"]
[Round "4"]
[White "Slavov, Hristo"]
[Black "Pogosian, Vladimir"]
[Result "0-1"]
[WhiteElo "1812"]
[BlackElo "2153"]
[PlyCount "60"]
[EventDate "2012.03.20"]
[EventType "swiss"]
[EventRounds "11"]
[EventCountry "BUL"]
[SourceTitle "CBM 148"]
[Source "ChessBase"]
[SourceDate "2012.05.16"]
[SourceVersion "1"]
[SourceVersionDate "2012.05.16"]
[SourceQuality "1"]

1. g3 f5 2. Bg2 Nf6 3. d3 e5 4. Bg5 Bc5 5. Nf3 Nc6 6. 0-0 d6 7. Nc3 h6 8. Bd2 0-0 9. Na4 Bb6 10. c3 Qe8 11. Re1 g5 12. Nxb6 axb6 13. e4 f4 14. gxf4 gxf4 15. d4 Qh5 16. Kh1 Kh8 17. d5 Ne7 18. Ng1 Ng4 19. Nh3 f3 20. Bf1 Qxh3 21. Bxh3 Nxf2+ 22. Kg1 Nxd1 23. Rexd1 Bxh3 24. Kf2 Kh7 25. Kg3 Bg2 26. Be3 Ng6 27. h4 Nf4 28. b4 Rg8+ 29. Kf2 Nh3+ 30. Ke1 Rg4 0-1

[Event "EU-ch 13th"]
[Site "Plovdiv"]
[Date "2012.03.22"]
[Round "3"]
[White "Boehnisch, Manfred"]
[Black "Slavov, Hristo"]
[Result "1-0"]
[WhiteElo "2291"]
[BlackElo "1812"]
[PlyCount "51"]
[EventDate "2012.03.20"]
[EventType "swiss"]
[EventRounds "11"]
[EventCountry "BUL"]
[SourceTitle "CBM 148"]
[Source "ChessBase"]
[SourceDate "2012.05.16"]
[SourceVersion "1"]
[SourceVersionDate "2012.05.16"]
[SourceQuality "1"]

1. e4 Nf6 2. e5 Nd5 3. d4 d6 4. c4 Nb6 5. exd6 cxd6 6. Nc3 Nc6 7. Be3 g6 8. Rc1 Bg7 9. b3 0-0 10. Be2 f5 11. d5 f4 12. Bxb6 Qxb6 13. dxc6 e5 14. Nd5 Qa5+ 15. b4 Qxa2 16. Ne7+ Kh8 17. Nxc8 Raxc8 18. cxb7 Rb8 19. Bf3 Rfe8 20. Bc6 e4 21. Qd2 Qa3 22. Bxe8 e3 23. fxe3 fxe3 24. Qc2 Qxb4+ 25. Ke2 Rxe8 26. Rb1 1-0

[Event "BUL-ch sf 75th"]
[Site "Plovdiv"]
[Date "2011.02.10"]
[Round "5"]
[White "Ninov, Dayan"]
[Black "Slavov, Hristo"]
[Result "1-0"]
[WhiteElo "2085"]
[BlackElo "1717"]
[PlyCount "77"]
[EventDate "2011.02.07"]
[EventType "swiss"]
[EventRounds "9"]
[EventCountry "BUL"]
[SourceTitle "CBM 140 Extra"]
[Source "ChessBase"]
[SourceDate "2011.03.01"]
[SourceVersion "1"]
[SourceVersionDate "2011.03.01"]
[SourceQuality "1"]

1. Nf3 Nf6 2. c4 c6 3. d4 d5 4. e3 e6 5. Bd3 dxc4 6. Bxc4 b5 7. Bd3 Bb7 8. 0-0 a6 9. Qe2 Be7 10. Rd1 Nbd7 11. Nc3 Qc7 12. e4 e5 13. dxe5 Nxe5 14. Nxe5 Qxe5 15. f4 Bc5+ 16. Kh1 Qe6 17. e5 Nd5 18. Nxd5 cxd5 19. f5 Qe7 20. Bf4 Qh4 21. Bxb5+ Kf8 22. Bg3 Qg5 23. Bd3 h5 24. Bf2 Bxf2 25. Qxf2 h4 26. h3 d4 27. Bf1 Qg3 28. Qxd4 Qxh3+ 29. Kg1 Qxf5 30. Qb4+ Kg8 31. Qxb7 Rf8 32. Qc7 Rh6 33. Rd8 Re6 34. Rxf8+ Kh7 35. Rh8+ Kg6 36. Qc3 Qf4 37. Qf3 Qd4+ 38. Qf2 Qg4 39. Rxh4 1-0

[Event "Plovdiv Bulgarian op 33rd"]
[Site "Plovdiv"]
[Date "2011.01.30"]
[Round "1"]
[White "Slavov, Hristo"]
[Black "Berescu, Alin Mile"]
[Result "1/2-1/2"]
[WhiteElo "1717"]
[BlackElo "2476"]
[PlyCount "68"]
[EventDate "2011.01.30"]
[EventType "swiss"]
[EventRounds "9"]
[EventCountry "BUL"]
[SourceTitle "CBM 140 Extra"]
[Source "ChessBase"]
[SourceDate "2011.03.01"]
[SourceVersion "1"]
[SourceVersionDate "2011.03.01"]
[SourceQuality "1"]

1. d4 Nf6 2. c4 Nc6 3. Nf3 e6 4. g3 Bb4+ 5. Bd2 Qe7 6. Bg2 Bxd2+ 7. Nbxd2 d6 8. 0-0 a5 9. Rc1 e5 10. dxe5 dxe5 11. a3 0-0 12. e3 h6 13. Qc2 Rd8 14. Ne4 Bf5 15. Nxf6+ Qxf6 16. Qb3 Bg4 17. Nh4 Rab8 18. h3 Be2 19. Rfe1 Rd2 20. Qc3 Rbd8 21. Bd5 Bxc4 22. Qxd2 Bxd5 23. Qc2 Be6 24. Kh2 g5 25. Ng2 Qf3 26. Qe2 e4 27. Rc5 f6 28. Qb5 Rd2 29. Rf1 Qh5 30. Nf4 Qf3 31. Nxe6 Rxf2+ 32. Rxf2 Qxf2+ 33. Kh1 Qf3+ 34. Kh2 Qf2+ 1/2-1/2